000 00454nam a2200169Ia 4500
008 240729s9999 xx 000 0 und d
022 _a2571-841X
245 0 _aReports
260 _aSwitzerland
260 _bMDPI AG
650 _a Medical physics. Medical radiology. Nuclear medicine
650 _a Medicine (General)
650 _aMedicine
856 _uhttps://doaj.org/toc/c30748448ef64b5c986f511471962d09
942 _2ddc
942 _cDOAJEJ
999 _c73958
_d73958
945 _a1
_bMadushi Gamage
_c1
_dMadushi Gamage